Hans Kelsen: el reto contemporáneo de sus ideas políticas
Збережено в:
| Автори: | , |
|---|---|
| Формат: | Книга |
| Мова: | Іспанська |
| Опубліковано: |
Medellín
Fondo Editorial Universidad EAFIT
2011
|
| Редагування: | 1a. ed |
| Серія: | Colección Académica EAFIT
|
| Предмети: | |
| Теги: |
Додати тег
Немає тегів, Будьте першим, хто поставить тег для цього запису!
|
MARC
| LEADER | 00000cam a2200000 a 4500 | ||
|---|---|---|---|
| 001 | UCE3828 | ||
| 003 | CL-VaPUC | ||
| 005 | 20220309110950.0 | ||
| 008 | 140925e20110300ck |||||||||||||||||spa|d | ||
| 999 | |c 356967 |d 356965 | ||
| 020 | |a 9789587200836 | ||
| 040 | |c Pontificia Universidad Católica de Valparaíso | ||
| 082 | 0 | 4 | |a 320.01 |b MON |2 21 |
| 100 | |a Montoya Brand, Mario |e autor |9 576349 | ||
| 245 | 1 | 0 | |a Hans Kelsen: el reto contemporáneo de sus ideas políticas |
| 250 | |a 1a. ed | ||
| 260 | |a Medellín |b Fondo Editorial Universidad EAFIT |c 2011 | ||
| 300 | |a 241 p | ||
| 490 | 0 | |a Colección Académica EAFIT | |
| 583 | |a last modification |c 20140925 17:45:00 |k Rodrigo Vera | ||
| 600 | |a Kelsen, Hans |d 1881-1973 |9 859087 | ||
| 650 | 0 | |a Ciencia política |9 324218 | |
| 650 | 7 | |a FILOSOFIA POLITICA |2 CL-VaPUC |9 576351 | |
| 650 | 0 | |a Democracia |9 255256 | |
| 650 | 0 | |a Estado |9 255503 | |
| 700 | 0 | |a Montoya Restrepo, Nataly |e author |9 576350 | |
| 852 | |a BIBCUR | ||
| 942 | |c BK |2 ddc | ||
| 945 | |d 20140925 17:45:00 |a arojas | ||
| 952 | |0 0 |1 0 |3 erb |4 0 |6 320_010000000000000_MON_2011 |7 0 |8 A |9 464761 |a BIBEDU |b BIBEDU |i 5115574 |o 320.01 MON 2011 |p 5115574 |r 2019-11-23 |w 2019-11-23 |y BK |z Catalogado en:20140925 |k FIL | ||